Roma nel seicento

Saved in:
Bibliographic Details
Main Author: Petrocchi, Massimo (Author)
Format: Book
Language:Italian
Published: Bolonia, Italia Licinio Cappelli 1970
Series:Storia di Roma, 14
Subjects:
Tags: Add Tag
No Tags, Be the first to tag this record!

MARC

LEADER 00000nam a2200000 a 4500
001 UCP9414
003 CL-VaPUC
005 20250227153803.0
008 000324e19700000IT |||||||||||||||||ita|d
999 |c 286229  |d 286227 
040 |c Pontificia Universidad Católica de Valparaíso 
082 0 4 |a 945.07 PET 1970  |2 21 
100 0 |a Petrocchi, Massimo  |e author  |9 439979 
245 1 0 |a Roma nel seicento 
260 |a Bolonia, Italia  |b Licinio Cappelli  |c 1970 
300 |a 246 páginas 
490 0 |a Storia di Roma,  |v  14 
583 |a last modification  |c 20160913 03:54:36  |k Rodrigo Vera 
650 7 |a HISTORIA DE ITALIA  |2 CL-VaPUC  |9 439980  |y SIGLO 16 
650 0 |a Diplomacia  |z ITALIA  |z ESPAÑA  |9 256483 
650 0 |a Vida religiosa  |z ITALIA  |z ESPAÑA  |9 257284 
650 7 |a FILOSOFIA POLITICA  |2 CL-VaPUC  |9 439981  |z ITALIA  |z ESPAÑA 
852 |a BIBCUR 
942 |c BK  |2 ddc 
945 |d 20000324 00:00:00  |a rherrera 
952 |0 0  |1 0  |2 ddc  |4 0  |6 945_070000000000000_PET_1970  |7 0  |8 A  |9 331732  |a BIBHIS  |b BIBHIS  |d 2019-11-20  |i 1389599  |o 945.07 PET 1970  |p 1389599  |r 2025-01-20  |t 1  |w 2019-11-20  |y BK  |k HIS